00740nam a22002177a 450000500170000001000130001702000260003002000230005603500130007903700170009208200110010910000210012024500570014126000390019827000390023730000210027670000160029794200250031399900170033895201670035520140327165120.0 aB-529820 a9788121903462c310.00 a8121903467c310.00 aB-529820 adplbUBH/Ven a320.01 aAsirvatham, Eddy aPolitical Theory/cby Eddy, Asirvatham and K.K.Misra aNew DelhibS.Chand & Companyc2013 a7361, Ram NagarbNew Delhie110055 a845p.c20cm(pbk) dMisra, K.K. 2ddccENmASIh320.01 c83193d83193 001040708NFICaBL1bBL1d2014-03-27eUBH/192/RP Patel Ngr/2.12.2013/28.02.2014g310.00l0o320.01 ASIpB-529820r2014-03-27 00:00:00t1v310.00w2014-03-27yEN